Pays frontaliers : oui ou non ? - Statistiques

Statistiques générales
  • Ce quiz a été pris 199 fois
  • Le résultat moyen est 10 sur 15
Statistiques - réponses
Question Réponse % Correct
Brésil - Chili Non
83%
Angola - Congo Oui
80%
Brésil - Venezuela Oui
80%
Rwanda - Ouganda Oui
79%
Bulgarie - Albanie Non
76%
Slovaquie - Slovénie Non
75%
Pologne - Danemark Non
75%
Brésil - Équateur Non
70%
Mongolie - Kazakhstan Non
69%
Luxembourg - Pays Bas Non
66%
Mauritanie - Burkina Faso Non
57%
Nigéria - Mali Non
53%
Afghanistan - Chine Oui
50%
Suède - Danemark Oui
31%
Malawi - Zimbabwe Non
26%
Aucun quiz correspondant
Distribution des résultats
% des personnes avec chaque résultat
Percentile par nombre de réponses
Votre historique - résultats
Vous n’avez pas pris ce quiz